| 000 | 00622cam a2200205 4500 | ||
|---|---|---|---|
| 001 | ##B728 | ||
| 008 | 090401t1986 xxu||||| |||| 00| 0 eng d | ||
| 035 | _a(Sirsi) u37586 | ||
| 041 | 0 | _aeng | |
| 050 | 0 | 4 | _a693.82 $2 18 |
| 100 | 1 | _aMorris, W. A. | |
| 245 | 0 | 0 | _aAppraisal of passive fire precautions in large-panel system blocks of flats and maisonettes |
| 260 |
_aGarston, Watford _bBRE _c1986 |
||
| 300 |
_a(4)p. _c30cm. |
||
| 490 | 0 |
_aBRE Information Paper _v(18/86) |
|
| 651 | 4 |
_aUnited Kingdom _y |
|
| 690 | _aBUILT ENVIRONMENT-BUILDING ELEMENTS-COMPLETE BUILDING ELEMENTS | ||
| 942 | _n0 | ||
| 948 | _c04/03/1997 | ||
| 999 |
_c90503 _d90503 |
||